000 00461nam a22001697a 4500
999 _c523663
_d523663
003 NUST
038 _awaseem
082 _a891.4391
_bABI
100 _aAbid, Abid Jamil
_914438
245 _aFasle Gul Hain Ah Gai /
_cAbid Jamil Abid
260 _aLahore :
_bRoshan Khyal Publisher,
_c2009.
300 _a127 p. ;
500 _aHardcover.
880 _6100-02\r
_aعابد جمیل عابد
880 _6245-02\r
_aفصل گل ے آ گی /
942 _2ddc
_cBK